Bò tót

Sách viết về nhà di truyền học người Nga vĩ đại N. V. Timôfeev. Resovski

Shranjeno v:
Bibliografske podrobnosti
Glavni avtor: Granin, Danul Aleksandrovich
Format: Knjiga
Jezik:Undetermined
Izdano: Hà Nội Hội Nhà Văn 1999
Teme:
Oznake: Označite
Brez oznak, prvi označite!
Thư viện lưu trữ: Trung tâm Học liệu Trường Đại học Cần Thơ
LEADER 00765nam a2200229Ia 4500
001 CTU_37866
008 210402s9999 xx 000 0 und d
020 |b 45.000đ 
020 |c 45000 
082 |a 891.73 
082 |b G759 
100 |a Granin, Danul Aleksandrovich 
245 0 |a Bò tót 
245 0 |c Danil Granin ; Người dịch: Lê Khánh Trường, Trần Huy Đô 
260 |a Hà Nội 
260 |b Hội Nhà Văn 
260 |c 1999 
520 |a Sách viết về nhà di truyền học người Nga vĩ đại N. V. Timôfeev. Resovski 
650 |a Russian fiction,Russian literature 
650 |y 20th century 
904 |i Minh, Huỳnh Mai 
980 |a Trung tâm Học liệu Trường Đại học Cần Thơ